Howard Stern Show Staff - Statistics

General Stats
  • This quiz has been taken 99 times
  • The average score is 11 of 15
Answer Stats
Hint Answer % Correct
Host Howard Stern
100%
Co-Host, news reader Robin Quivers
100%
Executive Producer Gary Dell'Abate
96%
Writer, Producer, Sound Effects Fred Norris
92%
Comedian/Co-host Artie Lange
88%
Writer, Performer Sal Governale
81%
Writer, Performer Richard Christy
76%
Head of Security Ronnie Mund
69%
Head Writer Jackie Martling
68%
Writer Benjy Bronk
64%
Engineer Scott Salem
64%
Senior Producer Jason Kaplan
51%
Senior Producer Will Murray
51%
Intern, Writer, Performer John Melendez
39%
Howard 100 News Reporter Steve Langford
32%
No matching quizzes found
Score Distribution
Percent of People with Each Score
Percentile by Number Answered
Your Score History
You have not taken this quiz